| 000 | 01095cam a2200313 i 4500 | ||
|---|---|---|---|
| 999 |
_c200447783 _d65995 |
||
| 003 | TR-AnTOB | ||
| 005 | 20240419090848.0 | ||
| 007 | ta | ||
| 008 | 220228b2004 tu db 000 0 tur d | ||
| 040 |
_aTR-AnTOB _beng _erda _cTR-AnTOB |
||
| 041 | 0 | _aeng | |
| 050 | 4 |
_bHD2056.7 _a.L86 2004 |
|
| 090 |
_aHD2056.7 _b.L86 2004 |
||
| 100 | 1 |
_aLundell, Mark _eauthor _9139566 |
|
| 245 | 1 | 0 |
_aTurkey : _ba review of the impact of the reform of agricultural sector subsidization / _cMark Lundell [and six others]. |
| 264 | 1 |
_aWashington D.C. : _bThe World Bank, _c2004. |
|
| 300 |
_a83 pages : _bgraphics, tables, map ; _c27 cm |
||
| 336 |
_2rdacontent _atext _btxt |
||
| 337 |
_2rdamedia _aunmediated _bn |
||
| 338 |
_2rdacarrier _avolume _bnc |
||
| 500 | _aMarch 9, 2004. | ||
| 500 | _aEnvironmentally and Socially Sustainable Development Unit Europe and Central Asia Region. | ||
| 650 | 0 |
_aAgriculture and state _zTurkey _920510 |
|
| 650 | 0 |
_aAgricultural subsidies _zTurkey _983104 |
|
| 710 | 2 |
_aWorld Bank _919811 |
|
| 942 |
_2lcc _cBK |
||